000 00594nam a2200229Ia 4500
003 OSt
005 20220928130938.0
006 a|||||r|||| 00| 0
007 ta
008 220927b |||||||| |||| 00| 0 eng d
024 _a45532
037 _cTextual
040 _aSDCL
_cSDCL
_beng
041 _2eng
_aeng
082 _aXM5:(Z2)'N9, N8
100 _aKuchhal M C
245 0 _aModern Indian company law.
260 _aDelhi
_bShree Mahavir Book
_c1999
300 _axxiii,397p
_ccm.
942 _hXM5:(Z2)'N9, N8
_cTEXL
_2CC
999 _c789136
_d789136